| 000 | 00542nam a22001937a 4500 | ||
|---|---|---|---|
| 003 | OSt | ||
| 005 | 20140310182841.0 | ||
| 008 | 130608t xxu||||| |||| 00| 0 eng d | ||
| 050 |
_aPR 6056 _b.H567 1978 |
||
| 082 |
_aM 920.5 _bH43 1978 |
||
| 245 |
_aIf I Don't Do This, I'll Never Do Anything _cHerring, Chuck |
||
| 260 |
_aSeattle, Washington _bThe General Education Development Institute _cc1978 |
||
| 300 | _a100 p. | ||
| 521 | _acollege students | ||
| 526 | _c1210L-1700L | ||
| 541 | _j1 | ||
| 562 | _e1 | ||
| 942 |
_2lcc _cBK _kM |
||
| 999 |
_c16853 _d16853 |
||